[Event "XV Konik Morski Rewala - Open B"]
[Site "Rewal"]
[Date "2010.08.21"]
[Round "3.48"]
[White "Nun, Joanna"]
[Black "Prazmowski, Wlodzimierz"]
[Result "1-0"]
[WhiteElo "1564"]
[BlackElo "1701"]
[PlyCount "105"]
[EventDate "2010.??.??"]

1. e4 c5 2. Nf3 Nf6 3. Nc3 d6 4. d4 cxd4 5. Nxd4 a6 6. f3 e5 7. Nb3 Be6 8. Nd5
Nxd5 9. exd5 Bd7 10. Be3 g6 11. Qd2 Bg7 12. O-O-O b5 13. g4 a5 14. Qf2 a4 15.
Nd2 Na6 16. Ne4 Qe7 17. h4 h6 18. g5 Rc8 19. a3 Nc7 20. Qg2 h5 21. f4 O-O 22.
fxe5 Bxe5 23. Bb6 Bf5 24. Nf6+ Bxf6 25. gxf6 Qe4 26. Bxc7 Rxc7 27. Qxe4 Bxe4
28. Rh2 Rfc8 29. c3 Rc5 30. Rhd2 Re8 31. Re1 Re5 32. Rde2 Bf3 33. Rxe5 dxe5 34.
Rxe5 Rxd5 35. Rxd5 Bxd5 36. Bxb5 Bb3 37. c4 Kh7 38. c5 g5 39. hxg5 Kg6 40. Bd7
Kxg5 41. c6 Bd5 42. c7 Bb7 43. c8=Q Bxc8 44. Bxc8 Kxf6 45. Bd7 h4 46. Bxa4 h3
47. Bc6 Ke5 48. Kd2 f5 49. Ke3 h2 50. a4 f4+ 51. Kd3 Kd6 52. Bf3 Kc5 53. Kc3
1-0

[Event "XV Konik Morski Rewala - Open B"]
[Site "Rewal"]
[Date "2010.08.21"]
[Round "3.49"]
[White "Krolak, Dominika"]
[Black "Nun, Ryszard"]
[Result "1-0"]
[WhiteElo "1443"]
[BlackElo "1684"]
[PlyCount "101"]
[EventDate "2010.??.??"]

1. d4 Nf6 2. c4 g6 3. Nc3 d5 4. Bf4 Bg7 5. Nb5 Na6 6. e3 c6 7. Nc3 O-O 8. Nf3
Bg4 9. h3 Bxf3 10. Qxf3 Nb4 11. Rc1 dxc4 12. Bxc4 Nbd5 13. Bh2 b5 14. Be2 Qa5
15. O-O b4 16. Nxd5 cxd5 17. Ra1 Ne4 18. Rfd1 Rac8 19. Bd3 Nf6 20. Qe2 Nd7 21.
Qe1 Qb6 22. Rac1 a5 23. Qe2 e5 24. Bb5 Qd8 25. Bxd7 Qxd7 26. dxe5 Rfe8 27. Rxc8
Rxc8 28. Qa6 a4 29. Qd3 Qc6 30. Bg3 Rd8 31. Qd2 Bf8 32. Rc1 Qd7 33. Bh4 Re8 34.
Bf6 Rb8 35. Qd4 b3 36. a3 Rb7 37. Rc3 Bxa3 38. bxa3 b2 39. Kh2 b1=Q 40. Qxa4
Qbb5 41. Qc2 Rb8 42. Rc7 Qe8 43. Re7 Qec6 44. Qd1 Qbc4 45. Qf3 Qe4 46. Qg3 Re8
47. Qg5 Rxe7 48. Qh6 Qxg2+ 49. Kxg2 d4+ 50. Kg3 Qxf6 51. exf6 1-0

[Event "XV Konik Morski Rewala - Open B"]
[Site "Rewal"]
[Date "2010.08.23"]
[Round "4.1"]
[White "Zakrzewski, Marek"]
[Black "Slabek, Grzegorz"]
[Result "1-0"]
[WhiteElo "1991"]
[BlackElo "2065"]
[PlyCount "69"]
[EventDate "2010.??.??"]

1. e4 d5 2. exd5 Nf6 3. d4 Nxd5 4. c4 Nb6 5. Nf3 g6 6. h3 Bg7 7. Nc3 O-O 8. Be3
c6 9. Qd2 Be6 10. b3 Re8 11. Be2 f6 12. O-O Bf7 13. Rad1 N8d7 14. Qc1 Qc7 15.
Bf4 e5 16. dxe5 Nxe5 17. Nxe5 fxe5 18. Bg3 Rad8 19. Ne4 Rxd1 20. Rxd1 Rd8 21.
Qg5 Re8 22. Nf6+ Bxf6 23. Qxf6 Qe7 24. Qf3 e4 25. Qc3 Qa3 26. Qd2 Nc8 27. Bg4
Qe7 28. Qh6 Be6 29. Bh4 Qf7 30. Bxe6 Qxe6 31. Qf4 Rf8 32. Qc7 Rf7 33. Rd8+ Rf8
34. Rd7 Re8 35. Rxh7 1-0

[Event "XV Konik Morski Rewala - Open B"]
[Site "Rewal"]
[Date "2010.08.23"]
[Round "4.2"]
[White "Kaczmarek, Aleksander"]
[Black "Grabowski, Adam"]
[Result "1-0"]
[WhiteElo "2012"]
[BlackElo "1952"]
[PlyCount "141"]
[EventDate "2010.??.??"]

1. e4 e5 2. Nf3 Nc6 3. Nc3 Nf6 4. a3 Bc5 5. Nxe5 Bxf2+ 6. Kxf2 Nxe5 7. d4 Neg4+
8. Kg1 d5 9. e5 Ng8 10. h3 N4h6 11. Qf3 Be6 12. Bd3 Qh4 13. Be3 O-O-O 14. Na4
g6 15. Nc5 Bf5 16. Rc1 Bxd3 17. Bf2 Qg5 18. Nxd3 Nf5 19. h4 Qe7 20. Nc5 Qe8 21.
Kh2 Nge7 22. Rhe1 Nc6 23. Rcd1 b6 24. Na6 Kb7 25. Qe2 Nb8 26. Nb4 a5 27. Nd3
Nc6 28. Nf4 Qe7 29. Qg4 h5 30. Qg5 Nh6 31. c4 Qxg5 32. hxg5 Ng4+ 33. Kg1 dxc4
34. e6 fxe6 35. Nxe6 Rd7 36. d5 Nce5 37. Bd4 Rxd5 38. Nf4 Rxd4 39. Rxd4 Rf8 40.
Rde4 Rf5 41. Ne6 h4 42. Rf1 Rxf1+ 43. Kxf1 Kc6 44. Nf4 b5 45. Ke2 Kd6 46. Nxg6
Nxg6 47. Rxg4 Ke5 48. Ke3 a4 49. Rd4 c5 50. Rd8 b4 51. axb4 cxb4 52. Ra8 c3 53.
bxc3 bxc3 54. Ra5+ Ke6 55. Ke4 Ne7 56. Rxa4 Kf7 57. Kd3 Nf5 58. Ra6 c2 59. Kxc2
Ne3+ 60. Kd3 Nxg2 61. Ke4 h3 62. Rh6 Ne1 63. Rxh3 Nc2 64. Rc3 Nb4 65. Rc4 Na6
66. Kf5 Kg7 67. Rc6 Nb4 68. Rc7+ Kf8 69. Kg6 Nd5 70. Rc8+ Ke7 71. Kh7 1-0

[Event "XV Konik Morski Rewala - Open B"]
[Site "Rewal"]
[Date "2010.08.23"]
[Round "4.3"]
[White "Botor, Michal"]
[Black "Poswiatowski, Michal"]
[Result "1/2-1/2"]
[WhiteElo "1987"]
[BlackElo "1925"]
[PlyCount "87"]
[EventDate "2010.??.??"]

1. e4 c5 2. g3 Nc6 3. Bg2 Nf6 4. Ne2 d5 5. exd5 Nxd5 6. Nbc3 e6 7. O-O Be7 8.
d3 O-O 9. Re1 h6 10. Bd2 Bf6 11. Rb1 a6 12. Ne4 Qe7 13. N2c3 Bxc3 14. Nxc3 Qd7
15. Qg4 Nxc3 16. Bxc3 Nd4 17. b4 f5 18. Qd1 cxb4 19. Bxb4 Rf7 20. c3 Nc6 21.
Qf3 Nxb4 22. Rxb4 Rb8 23. Qf4 Qc7 24. Qxc7 Rxc7 25. c4 b5 26. a4 Rb6 27. axb5
Bd7 28. Reb1 axb5 29. d4 Ra7 30. c5 Rba6 31. d5 exd5 32. Bxd5+ Kh7 33. Kg2 Rc7
34. Rc1 Kg6 35. Rb2 Kf6 36. Kg1 Bc6 37. Bxc6 Raxc6 38. Rxb5 Ke5 39. h4 Kd5 40.
h5 Rxc5 41. Rcxc5+ Rxc5 42. Rb7 f4 43. Rxg7 fxg3 44. Rxg3 1/2-1/2

[Event "XV Konik Morski Rewala - Open B"]
[Site "Rewal"]
[Date "2010.08.23"]
[Round "4.4"]
[White "Kubica, Kamil"]
[Black "Szczecina, Michal"]
[Result "0-1"]
[WhiteElo "1917"]
[BlackElo "2100"]
[PlyCount "62"]
[EventDate "2010.??.??"]

1. d4 Nf6 2. c4 e6 3. Nc3 Bb4 4. Qc2 c5 5. e3 d6 6. Nf3 Nc6 7. a3 Bxc3+ 8. bxc3
Qe7 9. e4 e5 10. d5 Nb8 11. Be2 b6 12. a4 a5 13. Rb1 Nbd7 14. Nh4 g6 15. O-O
Nh5 16. g3 Ng7 17. f4 f6 18. f5 g5 19. Nf3 Kd8 20. Nxg5 fxg5 21. f6 Nxf6 22.
Bxg5 Nge8 23. Bh5 Qg7 24. Bh4 Kc7 25. Bxe8 Nxe8 26. Rxb6 Kxb6 27. Qb2+ Ka7 28.
Rb1 Qc7 29. Rf1 Bh3 30. Rf2 Rb8 31. Qc1 Qb7 0-1

[Event "XV Konik Morski Rewala - Open B"]
[Site "Rewal"]
[Date "2010.08.23"]
[Round "4.5"]
[White "Prazmowski, Bartosz"]
[Black "Koziej, Maciej"]
[Result "0-1"]
[WhiteElo "1893"]
[BlackElo "2025"]
[PlyCount "50"]
[EventDate "2010.??.??"]

1. d4 d5 2. c4 dxc4 3. e3 Nf6 4. Nc3 e5 5. Bxc4 exd4 6. exd4 Bd6 7. Qe2+ Qe7 8.
Qxe7+ Kxe7 9. Nge2 Nbd7 10. O-O Nb6 11. Bd3 c6 12. Ng3 Re8 13. Re1+ Kf8 14.
Rxe8+ Kxe8 15. Nce4 Be7 16. Bg5 Nbd5 17. Re1 Be6 18. Nc5 Bxc5 19. dxc5 Kf8 20.
a3 a5 21. Nf5 Nd7 22. Rc1 h6 23. Bh4 Nf4 24. Nd4 Nxd3 25. Rd1 N7xc5 0-1

[Event "XV Konik Morski Rewala - Open B"]
[Site "Rewal"]
[Date "2010.08.23"]
[Round "4.6"]
[White "Starczewska, Dominika"]
[Black "Krajewicz, Pawel"]
[Result "0-1"]
[WhiteElo "1886"]
[BlackElo "2005"]
[PlyCount "68"]
[EventDate "2010.??.??"]

1. e4 c5 2. Nf3 Nc6 3. d4 cxd4 4. Nxd4 Nf6 5. Nc3 e6 6. Ndb5 Bb4 7. a3 Bxc3+ 8.
Nxc3 d5 9. exd5 exd5 10. Be2 d4 11. Nb1 O-O 12. O-O Bf5 13. Bf4 Qb6 14. b3 Nd5
15. Bd2 Rac8 16. Bg4 Bxg4 17. Qxg4 Nf6 18. Qf4 Ne7 19. Rc1 Ned5 20. Qf5 Rc5 21.
Qd3 Re8 22. b4 Rc6 23. c4 Ng4 24. c5 Qc7 25. Qg3 Qxg3 26. hxg3 Re2 27. b5 Rc8
28. a4 Nxf2 29. Ra3 Ne4 30. Rd3 Nxd2 31. Rxd2 Rxd2 32. Nxd2 Nc3 33. Re1 Kf8 34.
Nc4 Rxc5 0-1

[Event "XV Konik Morski Rewala - Open B"]
[Site "Rewal"]
[Date "2010.08.23"]
[Round "4.7"]
[White "Bednarski, Dawid"]
[Black "Jacel, Lukasz"]
[Result "1-0"]
[WhiteElo "1822"]
[BlackElo "1927"]
[PlyCount "69"]
[EventDate "2010.??.??"]

1. e4 c5 2. Nf3 Nf6 3. Nc3 Nc6 4. Bb5 Qc7 5. Bxc6 bxc6 6. O-O Ba6 7. Re1 e5 8.
d3 g6 9. h3 Bg7 10. Be3 d6 11. Ne2 O-O 12. Qd2 c4 13. Ng3 d5 14. Bh6 cxd3 15.
Bxg7 Kxg7 16. Nf5+ Kh8 17. Qh6 Nh5 18. Ng5 f6 19. Ne6 Qf7 20. Nxf8 Rxf8 21. Ng3
Nf4 22. cxd3 Nxd3 23. Re2 Nf4 24. Rc2 Rc8 25. exd5 Qxd5 26. f3 Bd3 27. Rc3 Qd4+
28. Kh2 Kg8 29. Qh4 Qf2 30. Rg1 Bf5 31. Nxf5 Qxb2 32. Rb3 Qc2 33. Nh6+ Kf8 34.
Qxf6+ Ke8 35. Qf7+ 1-0

[Event "XV Konik Morski Rewala - Open B"]
[Site "Rewal"]
[Date "2010.??.23"]
[Round "4.8"]
[White "Choroszej, Aleksander"]
[Black "Majdan, Damian"]
[Result "1-0"]
[WhiteElo "2095"]
[BlackElo "1846"]
[PlyCount "69"]
[EventDate "2010.??.??"]

1. d4 Nf6 2. c4 g6 3. Nc3 d5 4. cxd5 Nxd5 5. Bd2 Nxc3 6. Bxc3 Bg7 7. e4 c5 8.
d5 Bxc3+ 9. bxc3 O-O 10. Nf3 Bg4 11. Be2 a6 12. Qd2 Nd7 13. h3 Bxf3 14. Bxf3
Nf6 15. O-O e5 16. a4 b5 17. axb5 axb5 18. Qb2 Qb6 19. c4 b4 20. Qxe5 Nd7 21.
Qb2 Rxa1 22. Rxa1 f6 23. Bg4 Ne5 24. Be6+ Kg7 25. Qd2 Rb8 26. f4 Nf7 27. Bxf7
Kxf7 28. e5 Rb7 29. Re1 Qa7 30. d6 Qa3 31. e6+ Ke8 32. Rd1 Qa8 33. Qd5 b3 34.
d7+ Ke7 35. Qxc5+ 1-0

[Event "XV Konik Morski Rewala - Open B"]
[Site "Rewal"]
[Date "2010.08.23"]
[Round "4.9"]
[White "Cichy, Kamil"]
[Black "Nowak, Ryszard"]
[Result "1/2-1/2"]
[WhiteElo "1900"]
[BlackElo "2091"]
[PlyCount "113"]
[EventDate "2010.??.??"]

1. e4 c6 2. d4 d5 3. exd5 cxd5 4. Bd3 Nc6 5. c3 Nf6 6. Bf4 Bg4 7. Qb3 Qd7 8.
Nd2 e6 9. Ngf3 Bxf3 10. Nxf3 Na5 11. Qb5 Qxb5 12. Bxb5+ Nc6 13. Ne5 Rc8 14. O-O
Be7 15. a4 O-O 16. Nxc6 bxc6 17. Ba6 Rcd8 18. b4 Ne4 19. Rfc1 Bg5 20. Bxg5 Nxg5
21. Bd3 h6 22. Kf1 Nh7 23. Ke2 Nf6 24. Kd2 Rfe8 25. b5 Re7 26. bxc6 Rc8 27.
Rab1 Kf8 28. Rb7 Rxc6 29. Rcb1 Rec7 30. R1b3 Nd7 31. Rxc7 Rxc7 32. a5 Ke7 33.
Rb4 Kd6 34. Bc2 e5 35. Bb3 f5 36. Rb5 Nf6 37. dxe5+ Kxe5 38. f3 Kd6 39. Bc2 f4
40. Rb4 g5 41. Bd3 Nd7 42. Rd4 Ne5 43. Rb4 Nc4+ 44. Bxc4 Rxc4 45. Rb7 Rc7 46.
Rb8 Rc5 47. a6 Rc6 48. Rg8 Kc5 49. h4 Rxa6 50. hxg5 Ra2+ 51. Kd3 Rxg2 52. Rc8+
Kd6 53. gxh6 Rh2 54. Rh8 Kc7 55. h7 Kb7 56. Kd4 Rh5 57. Rf8 1/2-1/2

[Event "XV Konik Morski Rewala - Open B"]
[Site "Rewal"]
[Date "2010.08.23"]
[Round "4.10"]
[White "Gonsior, Monika"]
[Black "Zochowski, Kacper"]
[Result "1-0"]
[WhiteElo "2087"]
[BlackElo "1887"]
[PlyCount "137"]
[EventDate "2010.??.??"]

1. e4 c5 2. Nf3 d6 3. d4 cxd4 4. Qxd4 Bd7 5. c4 Nc6 6. Qd1 g6 7. Be3 Bg7 8. Qd2
Nf6 9. Nc3 Ng4 10. Bd4 Nxd4 11. Nxd4 O-O 12. h3 Ne5 13. Rc1 Rc8 14. b3 a6 15.
Be2 Nc6 16. Nf3 Nb8 17. O-O Bc6 18. Qe3 Nd7 19. b4 b6 20. Rfd1 Bb7 21. Nd5 a5
22. a3 Bxd5 23. cxd5 Rxc1 24. Rxc1 Qa8 25. Bb5 Ne5 26. Nd4 axb4 27. axb4 Qa2
28. f4 Bh6 29. g4 Qb2 30. Rd1 Qxb4 31. g5 Bg7 32. fxe5 Bxe5 33. Be2 Qb2 34. Nc6
Ra8 35. Nxe7+ Kg7 36. Qd2 Qb3 37. Qd3 Qb2 38. Qb5 Qc3 39. Qd3 Qb2 40. Rb1 Qa2
41. Rb3 Qa4 42. Qd1 Qa5 43. Qd3 Qa1+ 44. Rb1 Qa2 45. Rb3 Qa1+ 46. Qd1 Qa4 47.
Nc6 Qxe4 48. Nxe5 Qxe5 49. Qd2 Kg8 50. Kg2 Ra5 51. Bf3 Qa1 52. Rb2 Ra4 53. Rc2
Qe5 54. Rc8+ Kg7 55. Rc6 Rd4 56. Qc1 Rb4 57. Rc2 b5 58. Re2 Qd4 59. Ra2 Rb3 60.
Qd2 Qe5 61. h4 b4 62. Qf2 Rb1 63. Re2 Qf4 64. Be4 Qg4+ 65. Kh2 Rb3 66. Bg2 Qd7
67. Qf6+ Kg8 68. Re7 Qf5 69. Re8# 1-0

[Event "XV Konik Morski Rewala - Open B"]
[Site "Rewal"]
[Date "2010.08.23"]
[Round "4.16"]
[White "Galaszewski, Patryk"]
[Black "Czernicki, Bogdan"]
[Result "0-1"]
[WhiteElo "2073"]
[BlackElo "1874"]
[PlyCount "82"]
[EventDate "2010.??.??"]

1. d4 Nf6 2. c4 c5 3. Nf3 g6 4. e3 Bg7 5. Nc3 cxd4 6. exd4 O-O 7. Be2 d5 8. c5
Nc6 9. O-O Ne4 10. h3 Nxc3 11. bxc3 b6 12. Ba3 Re8 13. Bb5 Bd7 14. Re1 Na5 15.
Bxd7 Qxd7 16. Bb4 Nc4 17. Nd2 Nxd2 18. Qxd2 e6 19. cxb6 axb6 20. Rab1 Rec8 21.
Rb2 Qc6 22. Reb1 Qc4 23. Rb3 Rc6 24. g3 h5 25. Kg2 Kh7 26. g4 hxg4 27. hxg4 e5
28. Rh1+ Kg8 29. Qg5 exd4 30. Qh4 f6 31. Qh7+ Kf7 32. Rh6 Qd3 33. cxd4 Qe4+ 34.
f3 Rxa2+ 35. Kg3 Qc2 36. Bd2 Qxd2 37. Qxg6+ Kf8 38. Rh7 Qf2+ 39. Kf4 Qxd4+ 40.
Kg3 Qe5+ 41. f4 Rc3+ 0-1

[Event "XV Konik Morski Rewala - Open B"]
[Site "Rewal"]
[Date "2010.08.23"]
[Round "4.12"]
[White "Szydlowska-Duda, Marta"]
[Black "Somyk, Marcin"]
[Result "1/2-1/2"]
[WhiteElo "2063"]
[BlackElo "1869"]
[PlyCount "86"]
[EventDate "2010.??.??"]

1. d4 d5 2. Nf3 Nf6 3. Bf4 c5 4. e3 Nc6 5. c3 Qb6 6. Qc1 Bf5 7. Nbd2 e6 8. Nh4
Nh5 9. Nxf5 exf5 10. Bg3 f4 11. Bh4 g6 12. Be2 Ng7 13. Bf6 Nd8 14. Bxg7 Bxg7
15. dxc5 Qxc5 16. Nb3 Qe7 17. exf4 O-O 18. Qe3 Qd6 19. O-O Nc6 20. g3 d4 21.
cxd4 Nxd4 22. Nxd4 Qxd4 23. Qxd4 Bxd4 24. Bf3 Bxb2 25. Rab1 Bd4 26. Rxb7 Rab8
27. Rfb1 Rxb7 28. Rxb7 Rd8 29. Kf1 Bb6 30. Ke2 Kf8 31. Bc6 Rd6 32. Bb5 Re6+ 33.
Kf3 Re7 34. Rb8+ Kg7 35. Rc8 Rc7 36. Rxc7 Bxc7 37. Ke4 Bb6 38. f3 h5 39. g4 h4
40. f5 f6 41. fxg6 Kxg6 42. h3 Ba5 43. Bd7 Bd2 1/2-1/2

[Event "XV Konik Morski Rewala - Open B"]
[Site "Rewal"]
[Date "2010.08.23"]
[Round "4.13"]
[White "Cyra, Dariusz"]
[Black "Weglarz, Joanna"]
[Result "0-1"]
[WhiteElo "1874"]
[BlackElo "2037"]
[PlyCount "72"]
[EventDate "2010.??.??"]

1. d4 d5 2. c4 e6 3. Nc3 Be7 4. Nf3 Nf6 5. Bg5 O-O 6. cxd5 exd5 7. Qc2 c6 8. e3
Nbd7 9. Bd3 Re8 10. O-O Nf8 11. Rae1 Ne4 12. Bxe7 Qxe7 13. Bxe4 dxe4 14. Nd2 f5
15. f3 exf3 16. Nxf3 Be6 17. e4 fxe4 18. Rxe4 Qd8 19. Rfe1 Qf6 20. Re5 Bf7 21.
Ne4 Qf4 22. Neg5 Rxe5 23. Rxe5 Bd5 24. Re7 h6 25. Nh3 Qf6 26. Qe2 Bxf3 27. gxf3
Qxd4+ 28. Kg2 Ng6 29. Qe6+ Kh7 30. Rxb7 Rf8 31. Qe4 Qf6 32. b4 Kh8 33. Kg3 Qd6+
34. Kg2 Nf4+ 35. Nxf4 Rxf4 36. Qg6 Qxg6+ 0-1

[Event "XV Konik Morski Rewala - Open B"]
[Site "Rewal"]
[Date "2010.08.23"]
[Round "4.14"]
[White "Szmidt, Przemyslaw"]
[Black "Kuspak, Aleksander"]
[Result "1-0"]
[WhiteElo "2033"]
[BlackElo "1832"]
[PlyCount "151"]
[EventDate "2010.??.??"]

1. e3 c5 2. b3 d5 3. Bb2 Nc6 4. Bb5 a6 5. Bxc6+ bxc6 6. f4 Nf6 7. Nf3 Bg4 8. h3
Bxf3 9. Qxf3 e6 10. O-O Bd6 11. d3 O-O 12. e4 Bc7 13. Nc3 Re8 14. Na4 Nd7 15.
Kh1 f5 16. exf5 exf5 17. Qh5 g6 18. Qf3 Re6 19. Rae1 Qe7 20. Bc3 Re8 21. Rxe6
Qxe6 22. Re1 Qf7 23. Rxe8+ Qxe8 24. Qf2 Qe7 25. g3 Bd6 26. Kg2 Kf7 27. Qe1 Qxe1
28. Bxe1 h5 29. Bf2 Ke6 30. Kf3 Be7 31. Be3 Bd6 32. Bd2 Bc7 33. Bc3 Bd8 34. Bb2
Be7 35. Ba3 Bd6 36. g4 hxg4+ 37. hxg4 Be7 38. gxf5+ gxf5 39. Nc3 Nf6 40. Ne2
Ng8 41. d4 cxd4 42. Nxd4+ Kd7 43. Bxe7 Nxe7 44. b4 Kd6 45. Nb3 Nc8 46. Nc5 a5
47. Nb7+ Kc7 48. Nxa5 Kb6 49. Nb3 Kb5 50. Nd4+ Kxb4 51. Nxc6+ Ka3 52. Ke3 Kxa2
53. Kd4 Kb2 54. Nb4 Na7 55. Kxd5 Kc3 56. Nc6 Nb5 57. Ke5 Na3 58. Kxf5 Nc4 59.
Ne5 Nd6+ 60. Ke6 Ne4 61. f5 Kxc2 62. Ng4 Kc3 63. Kd5 Ng5 64. f6 Nf7 65. Ke6
Ng5+ 66. Kf5 Nf7 67. Kg6 Nd6 68. Ne3 Kb4 69. Nf5 Nc4 70. Kf7 Ne5+ 71. Ke6 Ng6
72. f7 Nf8+ 73. Ke7 Ng6+ 74. Ke8 Kc5 75. Ne7 Kd6 76. Nxg6 1-0

[Event "XV Konik Morski Rewala - Open B"]
[Site "Rewal"]
[Date "2010.08.23"]
[Round "4.15"]
[White "Statucki, Maciej"]
[Black "Karcz, Bartlomiej"]
[Result "0-1"]
[WhiteElo "1832"]
[BlackElo "1988"]
[PlyCount "116"]
[EventDate "2010.??.??"]

1. e4 e5 2. Nf3 Nc6 3. Bb5 a6 4. Ba4 Nf6 5. O-O Be7 6. Re1 b5 7. Bb3 d6 8. c3
O-O 9. h3 Re8 10. d4 Bf8 11. Nbd2 Bb7 12. d5 Na5 13. Bc2 c6 14. b4 Nc4 15. Nxc4
bxc4 16. dxc6 Bxc6 17. Bg5 Rc8 18. Qe2 Bb7 19. Rad1 Re6 20. Nd2 Qc7 21. a4 g6
22. Bb1 Bg7 23. Ba2 d5 24. exd5 Nxd5 25. Rc1 Nf4 26. Bxf4 exf4 27. Qf1 Bd5 28.
Rxe6 fxe6 29. Qe2 Qc6 30. f3 Qxa4 31. Ne4 Qa3 32. Rc2 a5 33. bxa5 Qxa5 34. Kh2
Rc6 35. Qd2 Bxe4 36. fxe4 Qe5 37. Rb2 f3+ 38. Kg1 Qxe4 39. Rb8+ Bf8 40. Bb1 Qh4
41. Qe3 fxg2 42. Rxf8+ Kxf8 43. Qf3+ Kg7 44. Qxc6 Qe1+ 45. Kxg2 Qxb1 46. Qc7+
Kf6 47. Qd8+ Kf5 48. Qf8+ Ke4 49. Qf3+ Ke5 50. Qg3+ Kd5 51. Qg5+ Kc6 52. Qa5
Qe4+ 53. Kg3 Qe3+ 54. Kh4 Qe4+ 55. Kg3 Qe3+ 56. Kg2 Qd2+ 57. Kg3 Qd6+ 58. Kg4
Qc5 0-1

[Event "XV Konik Morski Rewala - Open B"]
[Site "Rewal"]
[Date "2010.08.23"]
[Round "4.11"]
[White "Tobolski, Jakub"]
[Black "Kardasz, Wladyslaw"]
[Result "1/2-1/2"]
[WhiteElo "2073"]
[BlackElo "1874"]
[PlyCount "55"]
[EventDate "2010.??.??"]

1. e4 c5 2. Nf3 e6 3. d4 cxd4 4. Nxd4 Nc6 5. Nb3 Nf6 6. Bd3 Qc7 7. Nc3 a6 8.
O-O b5 9. Qe2 Be7 10. f4 d6 11. Be3 O-O 12. a4 b4 13. Nd1 e5 14. f5 Na5 15. Nf2
Bb7 16. Nd2 d5 17. Rfc1 Bc5 18. Kh1 Bxe3 19. Qxe3 Nc4 20. Bxc4 dxc4 21. b3 c3
22. Nf3 Nd7 23. Ng5 h6 24. Nf3 f6 25. Nd3 a5 26. Rf1 Rfd8 27. Rf2 Rac8 28. Re1
1/2-1/2

[Event "XV Konik Morski Rewala - Open B"]
[Site "Rewal"]
[Date "2010.08.23"]
[Round "4.17"]
[White "Ziebinski, Bartosz"]
[Black "Czornik, Janusz"]
[Result "1-0"]
[WhiteElo "1954"]
[BlackElo "1814"]
[PlyCount "77"]
[EventDate "2010.??.??"]

1. e4 e6 2. d4 d5 3. Nd2 c5 4. exd5 Qxd5 5. Ngf3 cxd4 6. Bc4 Qd6 7. O-O Nf6 8.
Nb3 Nc6 9. Nbxd4 Nxd4 10. Nxd4 a6 11. c3 Qc7 12. Qe2 Bd6 13. h3 O-O 14. Bg5 Bf4
15. Bxf4 Qxf4 16. Qf3 Qxf3 17. Nxf3 b5 18. Bb3 Bb7 19. Nd4 Ne4 20. Rad1 Nc5 21.
Bc2 Rfd8 22. f3 h6 23. Kf2 g6 24. Nb3 Nxb3 25. Bxb3 a5 26. a4 b4 27. cxb4 axb4
28. Rxd8+ Rxd8 29. Rd1 Rxd1 30. Bxd1 e5 31. Ke3 f6 32. Bb3+ Kf8 33. Kd3 Ke7 34.
Kc4 Ba6+ 35. Kc5 Bf1 36. a5 Kd7 37. Kb6 Kd6 38. a6 Bxg2 39. Bd1 1-0

[Event "XV Konik Morski Rewala - Open B"]
[Site "Rewal"]
[Date "2010.08.23"]
[Round "4.18"]
[White "Krupa, Jerzy"]
[Black "Snihur, Piotr"]
[Result "0-1"]
[WhiteElo "1947"]
[BlackElo "1731"]
[PlyCount "78"]
[EventDate "2010.??.??"]

1. e4 c5 2. Nf3 d6 3. Bb5+ Bd7 4. Bxd7+ Nxd7 5. O-O Ngf6 6. Qe2 g6 7. c3 Bg7 8.
d4 e5 9. dxe5 dxe5 10. c4 O-O 11. Nc3 a6 12. Bg5 Qc7 13. Rad1 h6 14. Bh4 Rfe8
15. Rd3 Nb6 16. Rfd1 g5 17. Nxg5 hxg5 18. Bxg5 Nh7 19. Bh4 f6 20. Qg4 Rad8 21.
Rxd8 Rxd8 22. Qe6+ Kh8 23. Nd5 Nxd5 24. exd5 Nf8 25. Qf5 Qd7 26. Qh5+ Kg8 27.
b3 Qf7 28. Qe2 Ng6 29. Bg3 f5 30. f3 b6 31. Qd2 Bf8 32. Re1 Qf6 33. Re2 Kg7 34.
a3 a5 35. Qe1 Bd6 36. Qc1 Rh8 37. Be1 Nf4 38. Rd2 Qh6 39. Bg3 Ne2+ 0-1

[Event "XV Konik Morski Rewala - Open B"]
[Site "Rewal"]
[Date "2010.08.23"]
[Round "4.19"]
[White "Mirski, Michal"]
[Black "Swiech, Piotr"]
[Result "0-1"]
[WhiteElo "1700"]
[BlackElo "1943"]
[PlyCount "106"]
[EventDate "2010.??.??"]

1. e4 e6 2. d4 d5 3. Nd2 c5 4. exd5 Qxd5 5. Ngf3 cxd4 6. Bc4 Qc5 7. O-O Nf6 8.
Qe2 Nc6 9. Nb3 Qb6 10. Bf4 Be7 11. Rad1 O-O 12. Nfxd4 Nxd4 13. Rxd4 Bd7 14.
Rfd1 Rad8 15. Bd2 Qc7 16. Bf4 Qc8 17. c3 Bc6 18. Be5 Bd5 19. Bxd5 Nxd5 20. Rc4
Qa8 21. Rd3 f6 22. Bg3 e5 23. Qe4 Nb6 24. f4 Rxd3 25. Qxd3 Rd8 26. Qe2 Nxc4 27.
Qxc4+ Kh8 28. fxe5 fxe5 29. Bxe5 Rd1+ 30. Kf2 Qf8+ 31. Qf4 Qg8 32. h4 Qd8 33.
Nd4 Bxh4+ 34. g3 Bf6 35. Ke2 Bxe5 36. Qxe5 Rb1 37. b3 Rb2+ 38. Ke3 Qf8 39. a4
Rb1 40. Kd3 Qf1+ 41. Ne2 Rd1+ 42. Kc2 Rd8 43. Nd4 Rf8 44. b4 h6 45. Qe7 Rf2+
46. Kb3 Qd1+ 47. Kc4 Qxa4 48. Qxb7 Rf8 49. Kd3 Qd1+ 50. Kc4 Qf1+ 51. Kc5 Qd3
52. Qxa7 Qxc3+ 53. Kb5 Qxg3 0-1

[Event "XV Konik Morski Rewala - Open B"]
[Site "Rewal"]
[Date "2010.08.23"]
[Round "4.20"]
[White "Miechowicz, Witold"]
[Black "Gorol, Jacek"]
[Result "0-1"]
[WhiteElo "1935"]
[BlackElo "1684"]
[PlyCount "88"]
[EventDate "2010.??.??"]

1. e4 d6 2. d4 g6 3. Nc3 Bg7 4. f4 Nf6 5. Nf3 Nc6 6. Bd3 a6 7. a4 Bg4 8. Be3 e5
9. fxe5 dxe5 10. d5 Nd4 11. Be2 Nxe2 12. Qxe2 O-O 13. h3 Bxf3 14. Qxf3 Nd7 15.
O-O f5 16. Qe2 Kh8 17. Rad1 Qh4 18. Bf2 Qg5 19. Be3 f4 20. Bd2 Rf7 21. Rf3 Qh5
22. g4 Qh6 23. Qg2 g5 24. Be1 Bf8 25. Bf2 Bc5 26. Bxc5 Nxc5 27. b4 Nd7 28. Qf2
b6 29. Kg2 Qd6 30. Rb1 h6 31. Nd1 Rh7 32. Qe2 h5 33. Nf2 Nf6 34. Rc3 Qd7 35.
Rh1 Qxa4 36. Rc6 Rf8 37. c3 Nxd5 38. exd5 f3+ 39. Qxf3 Rxf3 40. Kxf3 Qb3 41.
Ke4 Qc2+ 42. Ke3 hxg4 43. hxg4 Rxh1 44. Nxh1 Qc1+ 0-1

[Event "XV Konik Morski Rewala - Open B"]
[Site "Rewal"]
[Date "2010.08.23"]
[Round "4.21"]
[White "Ostrowska, Dominika"]
[Black "Szolc, Grzegorz"]
[Result "1-0"]
[WhiteElo "1930"]
[BlackElo "1678"]
[PlyCount "65"]
[EventDate "2010.??.??"]

1. e4 c5 2. Nf3 e6 3. d4 cxd4 4. Nxd4 Nc6 5. Nc3 Qc7 6. Be3 a6 7. Bd3 Nf6 8.
O-O Nxd4 9. Bxd4 Bc5 10. Bxc5 Qxc5 11. Qe2 O-O 12. e5 Nd5 13. Ne4 Qb6 14. Qh5
h6 15. Nf6+ Nxf6 16. exf6 Qxb2 17. fxg7 Qxg7 18. f4 f5 19. Rae1 Rf6 20. Qf3 Rg6
21. Re2 Rb8 22. Qe3 b6 23. Bxf5 Rf6 24. Be4 d5 25. Bd3 b5 26. Rf3 Kf8 27. f5
Bb7 28. Rg3 Qe7 29. fxe6 Rd8 30. Bg6 Kg7 31. Bf7+ Kh8 32. Rh3 d4 33. Rxh6+ 1-0

[Event "XV Konik Morski Rewala - Open B"]
[Site "Rewal"]
[Date "2010.08.23"]
[Round "4.23"]
[White "Kiolbasa, Oliwia"]
[Black "Szydlowski, Kazimierz"]
[Result "0-1"]
[WhiteElo "1593"]
[BlackElo "1906"]
[PlyCount "104"]
[EventDate "2010.??.??"]

1. e4 Nf6 2. e5 Nd5 3. d4 d6 4. Nf3 Bg4 5. c4 Nb6 6. Bf4 dxe5 7. dxe5 Qxd1+ 8.
Kxd1 e6 9. Nc3 Nc6 10. Be2 O-O-O+ 11. Ke1 h6 12. h4 Bb4 13. Rc1 Nd7 14. a3 Bxf3
15. gxf3 Bxc3+ 16. Rxc3 Ndxe5 17. Rg1 Ng6 18. Bg3 h5 19. f4 Nd4 20. Bd1 Nf5 21.
Rh1 Rd4 22. Bc2 Nxf4 23. Bxf5 exf5 24. b3 Re8+ 25. Re3 Ng2+ 26. Ke2 Nxe3 27.
fxe3 f4 28. Bf2 fxe3 29. Bxe3 Rde4 30. Rh3 f6 31. Kf2 Rxe3 32. Rxe3 Rxe3 33.
Kxe3 g5 34. hxg5 fxg5 35. Ke4 Kd7 36. Kf5 h4 37. Kg4 Kd6 38. b4 a5 39. Kh3 a4
40. Kg4 Ke5 41. c5 c6 42. b5 cxb5 43. c6 bxc6 44. Kh3 b4 45. axb4 a3 46. b5
cxb5 47. Kg4 a2 48. Kh3 Kf4 49. Kg2 a1=Q 50. Kf2 Qa2+ 51. Ke1 Ke3 52. Kd1 Qd2#
0-1

[Event "XV Konik Morski Rewala - Open B"]
[Site "Rewal"]
[Date "2010.08.23"]
[Round "4.25"]
[White "Grabowski, Jan"]
[Black "Janus, Przemyslaw"]
[Result "0-1"]
[WhiteElo "1807"]
[BlackElo "2085"]
[PlyCount "48"]
[EventDate "2010.??.??"]

1. d4 d5 2. c4 Nc6 3. Nc3 dxc4 4. d5 Ne5 5. e4 e6 6. f4 Nd3+ 7. Bxd3 cxd3 8.
Qxd3 c6 9. Be3 Nf6 10. O-O-O exd5 11. exd5 Nxd5 12. Nf3 Be7 13. Nxd5 cxd5 14.
Bd4 O-O 15. Bc3 Qb6 16. Rhe1 Bd6 17. g3 Bg4 18. Rd2 Rac8 19. Kb1 Rxc3 20. Qxc3
Bb4 21. Qe3 Bxf3 22. Qxf3 Bxd2 23. Rd1 Be3 24. Qxd5 a5 0-1